KOHA-Header-6

The Economics of Development & Planning (Record no. 8616)

000 -LEADER
fixed length control field 00269nam a2200109Ia 4500
100 ## - MAIN ENTRY--AUTHOR NAME
Personal name M. L. Jhingan
245 #4 - TITLE STATEMENT
Title The Economics of Development & Planning
260 ## - PUBLICATION, DISTRIBUTION, ETC. (IMPRINT)
Place of publication India
Name of publisher Addision
Year of publication 1996
300 ## - PHYSICAL DESCRIPTION
Number of Pages 335
942 ## - ADDED ENTRY ELEMENTS (KOHA)
Koha item type Books
Holdings
Withdrawn status Lost status Collection code Permanent Location Current Location Shelving location Date acquired Full call number Accession Number Koha item type
    Economics MAJU MAJU Shelf No.A48 2019-09-14 330.2 3468 Economics

Powered by Koha